| 000 | 00813 a2200229 4500 | ||
|---|---|---|---|
| 005 | 20080829123836.0 | ||
| 008 | 080908t xxu||||| |||| 00| 0 eng d | ||
| 010 | _aENG-90975 | ||
| 020 |
_a9788178803791 _c750.00 |
||
| 035 | _aEN-74508 | ||
| 037 | _bDBAD / PUB | ||
| 040 |
_adpl _bEnglish |
||
| 082 | _a632.3 | ||
| 100 | _aChincholkar, K.D. | ||
| 245 |
_aPlant diseases / _cby K.D. Chincholkar |
||
| 260 |
_aNew Delhi _bRajat Publications _c2008 |
||
| 270 |
_a4675/21, Ansari Raod, Darya Ganj, _bNew Delhi _e110002 |
||
| 300 |
_avii, 297 p.; _c22 cm. (Hb) _bill. |
||
| 650 | _aPlant diseases | ||
| 942 |
_adpl _cEN _2ddc _mCHI _h632.3 |
||
| 999 |
_c15402 _d15402 |
||